| 000 | 00442nam a2200169 i 4500 | ||
|---|---|---|---|
| 001 | 45235 | ||
| 003 | ES-MaACL | ||
| 005 | 20230906161203.0 | ||
| 007 | t| | ||
| 008 | 030325s1972 sp ||||1| cat d | ||
| 100 | 1 |
_aCirici, Alexandre. _938890 |
|
| 245 | 1 | 0 |
_aNen, no t'enfilis / _cAlexandre Cirici. |
| 250 | _a[1ยช ed.]. | ||
| 260 |
_aBarcelona : _bDestino, _c[1972] |
||
| 300 |
_a215 p. ; _c22 cm. |
||
| 852 |
_aES-MaACL _jC-44852 _bR.84041 |
||
| 999 |
_c45235 _d45235 |
||